Alphabetic Phrases and Words Quiz Stats

Quiz not verified by Sporcle

Challenge
Share
Tweet
Embed
Score 0/26 Timer 07:00
0 Plays Today
Clue Alphabetic Thing % Correct
A hypothetical location on the body that can lead to strong sexual arousalG-spot
85.5%
A type of sweater that plunges in the front centerV-neck
81.9%
TV show featuring agents Fox Mulder and Dana ScullyThe X-Files
79%
A German submarineU-boat
78.2%
Viral disease of the liver that is usually sexually-transmittedHepatitis B
73.3%
The Ford car also known as the Tin LizzieModel T
70.7%
Rock band formed by Jack Black and Kyle GlassTenacious D
61.4%
278.437 Hz or the 40th key from the left on a pianoMiddle C
59.8%
The key of Dvořák's symphony 'From the New World'E minor
56.5%
Tony-winning muscial that is a spoof of shows like 'Sesame Street'Avenue Q
55.5%
Jack Lord police TV drama rebooted recentlyHawaii Five-O
54.9%
Sue Grafton's 18th Kinsey Millhone novel |OR| 2010 #1 hit by Ke$haR is for Ricochet/We R Who We R
45%
Courses and exams used in the British educational system for 16-18 year oldsA-Levels
44.3%
Clue Alphabetic Thing % Correct
US Army combat food from WWIIK-ration
43.2%
Another name for the millennialsGeneration Y
38.6%
60's sitcom set at Fort Courage, Kansas just after the Civil WarF Troop
34.4%
The anglicized title of the Chinese 'Book of Changes' circa 50 BCEI Ching
29.8%
The slower earthquake emanating disturbance S wave
28.1%
David Henry Hwang gender-bending play based on a Puccini operaM. Butterfly
26.8%
This drug is used in the treament of Parkinson's diseaseL-DOPA
24.9%
Starwood's luxury boutique brand relative to the Westin and SheratonW Hotel
23.7%
In stats, this probability is used to show something is statistically significantP-value
18.9%
Post-apocalyptic zombie book which will star Brad Pitt in its upcoming movieWorld War Z
12.5%
In physics, this is the symbol for Planck's constant divided by 2 piH-bar
7.7%
The Washington, DC based pro-Israel lobbying groupJ Street
6%
A class of semiconductors doped with an excess of electronsn-type
3.5%

You're not logged in!

Compare scores with friends on all Sporcle quizzes.
Sign Up with Email
OR
Log In

You Might Also Like...

Show Comments

Extras

Top Quizzes Today


Score Distribution

Your Account Isn't Verified!

In order to create a playlist on Sporcle, you need to verify the email address you used during registration. Go to your Sporcle Settings to finish the process.